Shortest Country Names - Statistics

General Stats
  • This quiz has been taken 25 times
  • The average score is 9 of 10
Answer Stats
Hint Answer % Correct
Middle East Iran
96%
Middle East Iraq
96%
Middle East Oman
91%
South America Peru
91%
Africa Chad
87%
Central America Cuba
87%
Africa Togo
87%
Oceania Fiji
83%
Asia Laos
83%
Africa Mali
83%
No matching quizzes found
Score Distribution
Percent of People with Each Score
Percentile by Number Answered
Your Score History
You have not taken this quiz